Loading...
| Current Events | 5 | 20.00 | 100% | 60% | 40% |
| Fine Arts - Classical Music | 9 | 20.00 | 100% | 67% | 33% |
| Fine Arts - Other | 3 | 23.33 | 67% | 100% | 67% |
| Fine Arts - Painting and Sculpture | 6 | 26.67 | 100% | 100% | 67% |
| Geography | 4 | 25.00 | 100% | 100% | 50% |
| History - American | 2 | 25.00 | 100% | 100% | 50% |
| History - European | 5 | 18.00 | 100% | 60% | 20% |
| History - Other | 6 | 23.33 | 100% | 100% | 33% |
| History - World | 8 | 17.50 | 88% | 63% | 25% |
| Literature - American | 5 | 24.00 | 100% | 80% | 60% |
| Literature - British | 10 | 24.00 | 100% | 90% | 50% |
| Literature - European | 9 | 24.44 | 100% | 100% | 44% |
| Literature - World | 7 | 15.71 | 86% | 71% | 0% |
| Mythology | 7 | 17.14 | 100% | 57% | 14% |
| Philosophy | 4 | 10.00 | 75% | 25% | 0% |
| Popular Culture | 3 | 26.67 | 100% | 100% | 67% |
| Religion | 4 | 20.00 | 100% | 75% | 25% |
| Science - Biology | 7 | 28.57 | 100% | 100% | 86% |
| Science - Chemistry | 9 | 22.22 | 100% | 100% | 22% |
| Science - Other | 7 | 24.29 | 100% | 100% | 43% |
| Science - Physics | 7 | 14.29 | 86% | 57% | 0% |
| Social Science | 2 | 20.00 | 100% | 100% | 0% |